000 00842nmc a2200277 a 4500
003 AR-BaBNM
005 20251128203650.0
008 147019s1954 ||||||||||||||000 | spa||
040 _cAR-BaBNM
100 1 _aGarcía, Juan Agustín
_d1862-1923
245 1 0 _aLa ciudad indiana
_bBuenos Aires desde 1600 hasta mediados del siglo XVIII
260 _aSanta Fe
_bCastellvi
_c1954
300 0 _a287 p.
_btablas
490 0 _aClásicos argentinos
650 4 _aINSTITUCIONES HISPANOAMERICANAS
650 4 _aPERIODO HISPANICO
650 4 _aHISTORIA INSTITUCIONAL
650 4 _aHISTORIA DE LAS COSTUMBRES
650 4 _aHISTORIA CULTURAL
650 4 _aHISTORIA DE BUENOS AIRES
650 4 _aPERIODO INDEPENDIENTE
651 4 _aBuenos Aires [Capital Federal]
700 1 _aDanero, E.M.S.
_eprologuista
942 _cBK
998 _cmariana
999 _c4393
_d4393